The Skillful Huntsman: Visual Development of a Grimm Tale at Art Center College of Design (Record no. 3048)

000 -LEADER
fixed length control field 00446nam a2200157Ia 4500
008 - FIXED-LENGTH DATA ELEMENTS--GENERAL INFORMATION
fixed length control field 180907s9999||||xx |||||||||||||| ||und||
020 ## - INTERNATIONAL STANDARD BOOK NUMBER
International Standard Book Number 9.7809726676e+012
082 ## - DEWEY DECIMAL CLASSIFICATION NUMBER
Classification number 791.43
Item number LEK/S
100 ## - MAIN ENTRY--PERSONAL NAME
Personal name Le, Khang
245 #4 - TITLE STATEMENT
Title The Skillful Huntsman: Visual Development of a Grimm Tale at Art Center College of Design
250 ## - EDITION STATEMENT
Edition statement 1st Edition
260 ## - PUBLICATION, DISTRIBUTION, ETC.
Place of publication, distribution, etc. CA
Name of publisher, distributor, etc. Design Studio Press
Date of publication, distribution, etc. 2005
300 ## - PHYSICAL DESCRIPTION
Extent 159p.
700 ## - ADDED ENTRY--PERSONAL NAME
Personal name Yamada, Mike
942 ## - ADDED ENTRY ELEMENTS (KOHA)
Koha item type Book
Holdings
Withdrawn status Lost status Damaged status Not for loan Collection code Permanent Location Current Location Date acquired Total Checkouts Full call number Barcode Date last seen Date last checked out Price effective from Koha item type
        School of Animation (Noida) MUIT-NOIDA MUIT-NOIDA 2018-09-07 3 791.43 LEK/S ANM00367 2020-01-17 2019-12-14 2018-09-07 Book

All Rights Reserved@MUIT

Powered by Koha